000 00476nam a2200193Ia 4500
005 20140312154745.0
008 140130s9999 xx 000 0 und d
020 _a0439056489
050 _aPZ 7
_b.M3567585Do 2001
100 _aMartin, Ann M.
245 _cMartin, Ann M.
_aThe doll people /
260 _bScholastic,
_c2001.
_aNew York :
300 _a256 p. :
_bill. ;
_c24 cm.
440 _v1
521 _aG3
526 _c570
942 _cBK
_2lcc
999 _c40689
_d40689